লোডিং...

Oxford dictionary of proverbs /

গ্রন্থ-পঞ্জীর বিবরন
অন্যান্য লেখক: Speake, Jennifer (Editor), Simpson, J. A. (Editor)
বিন্যাস: Printed Book
ভাষা:English
সংস্করন:6th ed.
বিষয়গুলি:
LEADER 00782cam a22002175i 4500
005 20171109115514.0
008 171102b xxu||||| |||| 00| 0 eng d
999 |c 20443  |d 20443 
020 |a 9780198734901 
082 |a 398.92103  |b SPE 
245 0 0 |a Oxford dictionary of proverbs /  |c Edited by Jennifer Speake ; previously co-edited with John Simpson. 
250 |a 6th ed. 
300 |a 383p. 
650 0 |a Proverbs, English  |v Dictionaries 
650 0 |a Proverbs, American  |v Dictionaries 
650 1 7 |a Engels 
650 1 7 |a Spreekwoorden. 
700 1 |a Speake, Jennifer  |e editor. 
700 1 |a Simpson, J. A.  |e editor. 
942 |2 ddc  |c BK 
952 |0 0  |1 0  |2 ddc  |4 0  |6 398_921030000000000_SPE  |7 0  |9 28383  |a MAIN  |b MAIN  |d 2017-11-02  |e Current Books  |g 495.00  |o 398.92103 SPE  |p 27811  |r 2017-11-02  |t 1  |w 2017-11-02  |y BK